Statistics for The One Direction Quiz

Click here to take the quiz!

General Stats

  • This quiz has been taken 13,051 times
    (13,046 since last reset)
  • The average score is 12 of 15

Answer Stats

Hint Answer % Correct
Which member is from Ireland?Niall Horan
99%
Which member says 'Vas Happenin?'Zayn Malik
97%
What is Liam's last name?Payne
96%
What was their first single?What Makes You Beautiful
94%
Who is the youngest band member?Harry Styles
94%
Who is the oldest member in the band?Louis Tomlinson
93%
Which UK talent show did they place third in?The X Factor
92%
What do they call their fans?Directioners
91%
Which Nickelodeon show did they guest star on?iCarly
90%
What is the name of their debut album?Up All Night
89%
What is their bodyguard's name?Paul
71%
What song do these lyrics come from - 'shut the door, turn the lights out'?Moments
65%
What do they call Simon CowellUncle Simon
65%
Who's record label are they signed to?Simon Cowell
43%
If they could add one more member to the band, who would it be?Ed Sheeran
31%

Score Distribution

Percentile by Number Answered

Percent of People with Each Score

Your Score History

You have not taken this quiz since the last reset